Trouvez-les toutes ! - Édition Yvelines - Statistiques

Statistiques générales
  • Ce quiz a été pris 91 fois
  • Le résultat moyen est 5 sur 11
Answers on the Grid
Answers color-coded by a green-red scale on the quiz's grid according to % correct below.
Saint-Rémy-lès-Chevreuse
Joinville
Baugé-en-Anjou
Sonchamp
Arnac-la-Poste
Houdan
Pontoise
Noisy-le-Roi
Davron
Boissy-sans-Avoir
Dreux
Bièvres
Saint-Germain-en-Laye
Flexanville
Pernes-les-Fontaines
Goussainville
Fontainebleau
Montfort-l'Amaury
Savigny-le-Temple
Sermaise
Neauphlette
Ozoir-la-Ferrière
Gaillac
Versailles
 
Statistiques - réponses
Réponse % Correct
Desservie par le RER B, cette ville est le terminus au sud de cette ligne. Ville frontalière avec l'Essonne. Saint-Rémy-lès-Chevreuse
76%
Desservie par le RER A, ligne de RER la plus empruntée d'Île-de-France. Saint-Germain-en-Laye
71%
Chef-lieu des Yvelines, ville iconique connue pour son château où Louis XIV dit "Le Roi-Soleil" y vécut. Versailles
71%
Ville à l'ouest des Yvelines, limitrophe de l'Eure-et-Loir. Houdan
58%
Ville à proximité de Versailles. À ne pas confondre avec Noisy-le-Grand et Noisiel, villes se situant respectivement en Seine-Saint-Denis et en Seine-et-Marne. Noisy-le-Roi
49%
Ville sous-côtée des Yvelines. Montfort-l'Amaury
45%
Ville au nord de Plaisir, autre ville desservie par le transilien N. Davron
25%
Ville limitrophe de l'Eure-et-Loir. Neauphlette
25%
Ville limitrophe de Rambouillet. Sonchamp
25%
Elle se trouve dans les Yvelines et est peuplée d'à peine plus de 600 habitants. Boissy-sans-Avoir
24%
Peuplée d'à peine plus de 570 habitants, cette ville est yvelinoise (gentilé des Yvelines). Flexanville
20%
Aucun quiz correspondant
Distribution des résultats
% des personnes avec chaque résultat
Percentile par nombre de réponses
Votre historique - résultats
Vous n’avez pas pris ce quiz